Statystyki dla Które Miasto Z Wymienionych Jest Największe

Kliknij tutaj aby rozwiązać quiz!

Ogólne statystyki

  • Ten quiz został rozwiązany 98 razy
  • Średni wynik to 5 z 15

Statystyki odpowiedzi

ZagadnienieOdpowiedź% Poprawnych
Które Miasto Jest Największe:Londyn
76%
Które Miasto Jest Największe:Petersburg
65%
Które Miasto Jest Największe:Tokio
63%
Które Miasto Jest Największe:Szanghaj
47%
Które Miasto Jest Największe:Sydney
33%
Które Miasto Jest Największe:Kijów
32%
Które Miasto Jest Największe:Osaka
27%
Które Miasto Jest Największe:Lublin
26%
Które Miasto Jest Największe:Lagos
25%
Które Miasto Jest Największe:Kraków
23%
Które Miasto Jest Największe:Warszawa
23%
Które Miasto Jest Największe:Xi'an
20%
Które Miasto Jest Największe:Dżakarta
19%
Które Miasto Jest Największe:Palermo
19%
Które Miasto Jest Największe:Łódź
15%

Rozkład punktacji

Percentyl według liczby udzielonych odpowiedzi

Procent ludzi z każdym wynikiem

Twoja historia wyników

Nie rozwiązałeś tego quizu